000 00350nam a22001577a 4500
005 20160621112149.0
008 160621b xxu||||| |||| 00| 0 eng d
041 _aeng
082 _b8688
100 _aChatterjee, B.K
_92369
245 _aMarketing Management
260 _bJaico
_c1995
300 _a239
650 _aManagement
_9241
942 _cBK
999 _c3351
_d3350